Telecommunications : protocols and design /

में बचाया:
ग्रंथसूची विवरण
मुख्य लेखक: Spragins, John D. (autor)
अन्य लेखक: Hammond, Joseph L. (autor) (autor), Pawlikowski, Krzysztof (autor) (autor)
स्वरूप: पुस्तक
भाषा:अंग्रेज़ी
प्रकाशित: Reading, EUA : Addison-Wesley, 1994, c1991
संस्करण:2a edición
विषय:
टैग: टैग जोड़ें
कोई टैग नहीं, इस रिकॉर्ड को टैग करने वाले पहले व्यक्ति बनें!

MARC

LEADER 00000nam^a2200000^a^4500
001 000054090
005 20250521000000.0
009 20260310090459.054
020 |a 0-201-09290-5 
037 |a Acervo ITESO - Biblioteca 
041 |a ING 
082 |a 621. 382  |b SPR 
100 |a Spragins, John D.  |e (autor) 
245 1 0 |a Telecommunications :  |b protocols and design /  |c J.D. Spragins, Joseph L. Hammond, Kryzysztof Pawlikowski. 
250 |a 2a edición 
264 4 |a Reading, EUA :  |b Addison-Wesley,  |c 1994, c1991 
300 |a 716 p. 
336 |a texto  |b txt  |2 rdacontenido 
337 |a sin mediación  |b n  |2 rdamedio 
338 |a volumen  |b nc  |2 rdasoporte 
649 |a XX 
650 |a Telecomunicaciones 
650 |a Protocolos de Comunicación 
650 |a Redes de Computadoras 
650 |a Sistemas Computacionales 
650 |a Programación (Software) 
650 |a Ingeniería Computacional 
700 |a Hammond, Joseph L.  |e (autor) 
700 |a Pawlikowski, Krzysztof  |e (autor) 
910 |a Fondo General 
920 |a Impresos - Libros 
930 |a Colección General 
905 |a 101 
901 |a 0500012048  |b IT1  |c ACC  |u 20250521 
902 |a https://opac.biblio.iteso.mx/vufind/Record/000054090